Catalonia - Tình yêu của tôi
Tác phẩm kể về: giai đoạn nội chiến ở Tây Ban Nha (1936-1939) mà tác giả từng tham gia, trong đó có những trang rất xúc động về những khó khăn mà người chiến sĩ phải nếm trải, những đoạn nói về tính cách của con người và đặc điểm của t...
में बचाया:
| मुख्य लेखक: | |
|---|---|
| अन्य लेखक: | |
| स्वरूप: | पुस्तक |
| भाषा: | Undetermined |
| प्रकाशित: |
Đà Nẵng
Đà Nẵng
2018
|
| विषय: | |
| ऑनलाइन पहुंच: | http://lrc.tdmu.edu.vn/opac/search/detail.asp?aID=2&ID=37332 |
| टैग : |
टैग जोड़ें
कोई टैग नहीं, इस रिकॉर्ड को टैग करने वाले पहले व्यक्ति बनें!
|
| Thư viện lưu trữ: | Trung tâm Học liệu Trường Đại học Thủ Dầu Một |
|---|
| LEADER | 01172nam a2200217Ia 4500 | ||
|---|---|---|---|
| 001 | TDMU_37332 | ||
| 008 | 210410s9999 xx 000 0 und d | ||
| 082 | |a 373.23635 0285 | ||
| 090 | |b O-434 | ||
| 100 | |a Orwell, George | ||
| 245 | 0 | |a Catalonia - Tình yêu của tôi | |
| 245 | 0 | |c George Orwell; Phạm Nguyên Trường dịch | |
| 260 | |a Đà Nẵng | ||
| 260 | |b Đà Nẵng | ||
| 260 | |c 2018 | ||
| 300 | |a 387tr. | ||
| 520 | |a Tác phẩm kể về: giai đoạn nội chiến ở Tây Ban Nha (1936-1939) mà tác giả từng tham gia, trong đó có những trang rất xúc động về những khó khăn mà người chiến sĩ phải nếm trải, những đoạn nói về tính cách của con người và đặc điểm của thiên nhiên Tây Ban Nha làm cho người đọc phải nhớ mặt. | ||
| 650 | |a Văn học Anh |v Tiểu thuyết; Tiểu thuyết Anh | ||
| 700 | |a Phạm, Nguyên Trường | ||
| 856 | |u http://lrc.tdmu.edu.vn/opac/search/detail.asp?aID=2&ID=37332 | ||
| 980 | |a Trung tâm Học liệu Trường Đại học Thủ Dầu Một | ||